000 00318nam a2200133Ia 4500
005 20251222142030.0
008 251222s9999||||xx |||||||||||||| ||spa||
020 _a978-607-17-1070-3
082 _a347.07/M86
100 _aMoreno Padilla, Javier
245 0 _aEl Juicio en LĂ­nea
264 _bTrillas
942 _cLIB
999 _c10946
_d10946